[Event "NED-ch 2003 sf"]
[Site "Leeuwarden"]
[Date "2002.12.01"]
[Round "1.2"]
[White "Hoeksema, Erik"]
[Black "Bosch, Jeroen"]
[Result "0-1"]
[WhiteElo "2367"]
[BlackElo "2444"]
[PlyCount "136"]
[EventDate "2002.??.??"]

1. e4 c5 2. Nf3 a6 3. Nc3 e6 4. d4 cxd4 5. Nxd4 Qc7 6. g3 Bb4 7. Bd2 Nc6 8.
Nxc6 dxc6 9. Bg2 e5 10. O-O Be7 11. a4 a5 12. Nb1 h5 13. h3 Be6 14. Na3 h4 15.
g4 Bc5 16. Qe2 Ne7 17. Nc4 O-O 18. Nxa5 Rxa5 19. b4 Bxb4 20. Bxb4 Ra6 21. Qe3
Rc8 22. Rfb1 c5 23. Bc3 Ng6 24. Bf1 Rd6 25. a5 b6 26. Qg5 bxa5 27. Bxe5 Nxe5
28. Qxe5 Rd2 29. Qxc7 Rxc7 30. c3 Ra7 31. Ra3 Ra2 32. Rxa2 Bxa2 33. Ra1 Bb3 34.
f4 a4 35. Ra3 c4 36. Kf2 Rd7 37. Ra1 Kf8 38. Ke3 Ke7 39. Be2 f6 40. Ra3 Kd6 41.
e5+ fxe5 42. f5 Kc5 43. Ra1 Kb5 44. Ra3 Bd1 45. Bf1 Bc2 46. Be2 Ra7 47. Bf1 Kc5
48. Be2 e4 49. g5 Rf7 50. Bg4 Rf8 51. Ra2 Bb3 52. Ra1 Kd5 53. Kf4 e3 54. Kxe3
Ke5 55. Kf3 Ra8 56. Ra3 Rd8 57. Ra1 Rd1 58. f6 gxf6 59. g6 Rd3+ 60. Kf2 f5 61.
g7 Rd8 62. Bf3 Rg8 63. Bc6 Rxg7 64. Bxa4 Ra7 65. Re1+ Kf4 66. Bc6 Bc2 67. Bd5
Bd3 68. Kg1 Ra2 0-1

[Event "NED-ch 2003 sf"]
[Site "Leeuwarden"]
[Date "2002.12.01"]
[Round "1.2"]
[White "Solleveld, Maarten"]
[Black "Dambacher, Martijn"]
[Result "1/2-1/2"]
[WhiteElo "2453"]
[BlackElo "2362"]
[PlyCount "139"]
[EventDate "2002.??.??"]

1. e4 c5 2. Nf3 e6 3. d4 cxd4 4. Nxd4 Nf6 5. Nc3 d6 6. f4 Be7 7. Be3 O-O 8. Qf3
e5 9. Nf5 Bxf5 10. exf5 Qa5 11. O-O-O e4 12. Qe2 Rc8 13. Qb5 Qc7 14. Rg1 a6 15.
Qb6 Qxb6 16. Bxb6 Nbd7 17. Bd4 h5 18. g3 d5 19. h3 Bd6 20. Be2 b5 21. a3 Rc6
22. Bxf6 Nxf6 23. Nxd5 Nxd5 24. Rxd5 Bc5 25. Rf1 h4 26. gxh4 Be3+ 27. Kb1 Rac8
28. c3 Rc5 29. Rdd1 Re8 30. Bg4 a5 31. Rd7 b4 32. axb4 axb4 33. cxb4 Rb5 34.
Bh5 Rxf5 35. Be2 Rxf4 36. Rxf4 Bxf4 37. Bc4 Kh7 38. Rxf7 Bd2 39. b5 e3 40. Be2
Re6 41. Kc2 Ba5 42. Rf8 Kg6 43. Bc4 Rd6 44. Bd3+ Kh5 45. Rh8+ Rh6 46. Re8 Bb6
47. Re4 Rd6 48. Kc3 Rf6 49. Be2+ Kg6 50. h5+ Kf7 51. Bc4+ Kf8 52. Bd3 Rd6 53.
b4 Kf7 54. Rf4+ Ke6 55. Rg4 Kf7 56. Bc4+ Kf8 57. Rg6 Bd4+ 58. Kc2 Bf6 59. Bd3
Kf7 60. Rg4 Ke7 61. Rc4 Rd4 62. Rxd4 Bxd4 63. Be2 Kd6 64. Kd3 Bb2 65. Bf3 Kc7
66. Ke4 e2 67. Bxe2 Bc1 68. Kd5 Kb6 69. Ke6 Bh6 70. Kf7 1/2-1/2

[Event "NED-ch 2003 sf"]
[Site "Leeuwarden"]
[Date "2002.12.01"]
[Round "1.2"]
[White "Van Mil, Johan"]
[Black "Van der Werf, Mark"]
[Result "1/2-1/2"]
[WhiteElo "2406"]
[BlackElo "2423"]
[PlyCount "124"]
[EventDate "2002.??.??"]

1. e4 c5 2. Nf3 e6 3. d3 b6 4. Nbd2 Bb7 5. g3 d6 6. Bg2 Nf6 7. O-O Nbd7 8. Re1
Be7 9. c3 O-O 10. a3 b5 11. d4 cxd4 12. cxd4 Rc8 13. Bf1 Qb6 14. Bd3 a5 15. Qe2
b4 16. a4 Qa7 17. Nb3 Qa8 18. Bf4 Rfe8 19. Nfd2 Nb6 20. f3 Nfd7 21. Be3 Rc7 22.
Bb5 Rec8 23. Bxd7 Nxd7 24. Qb5 d5 25. Qxa5 dxe4 26. Qxa8 Bxa8 27. fxe4 Nf6 28.
Nc5 Ng4 29. Ndb3 e5 30. Nd3 Nxe3 31. Rxe3 Bg5 32. Re2 exd4 33. Nxd4 Rc4 34. Nb5
Rd8 35. Nf2 Be7 36. Rae1 b3 37. Nc3 Bb4 38. Rd1 Rxd1+ 39. Nfxd1 Bc5+ 40. Kf1
Kf8 41. Ne3 Rxc3 42. bxc3 Bxe3 43. Rb2 Bxe4 44. Ke2 Bc5 45. Rxb3 Ke7 46. a5 h6
47. Rb8 f5 48. Rc8 Kd6 49. h4 g5 50. hxg5 hxg5 51. a6 f4 52. gxf4 gxf4 53. Rf8
Ke5 54. Rf7 Bd6 55. a7 Ke6 56. Rh7 Bc5 57. Rh6+ Kf7 58. Rh4 f3+ 59. Kd2 Ba8 60.
Rc4 f2 61. Rf4+ Ke6 62. Ke2 Bxa7 1/2-1/2

[Event "NED-ch 2003 sf"]
[Site "Leeuwarden"]
[Date "2002.12.01"]
[Round "1.3"]
[White "Hommeles, Theo"]
[Black "Visser, Yge"]
[Result "1/2-1/2"]
[WhiteElo "2390"]
[BlackElo "2431"]
[PlyCount "98"]
[EventDate "2002.??.??"]

1. c4 g6 2. Nc3 Bg7 3. g3 e5 4. Bg2 d6 5. e4 Nf6 6. Nge2 O-O 7. h3 c6 8. d4
exd4 9. Nxd4 Qb6 10. Nc2 Be6 11. Ne3 Qa6 12. Qe2 Nbd7 13. Bd2 Nb6 14. b3 Rfe8
15. O-O d5 16. e5 Nfd7 17. cxd5 Qxe2 18. Nxe2 Nxd5 19. Nxd5 Bxd5 20. Bxd5 cxd5
21. f4 f6 22. Nc3 fxe5 23. Nxd5 exf4 24. Rad1 fxg3 25. Bg5 g2 26. Kxg2 Re2+ 27.
Kf3 Re5 28. Bf4 Rf8 29. Kg3 Re2 30. Rfe1 Rxe1 31. Rxe1 Nf6 32. Nxf6+ Bxf6 33.
Rc1 g5 34. Be3 a6 35. Kg4 h6 36. Rc7 Rf7 37. Rxf7 Kxf7 38. Kh5 Bg7 39. Bc5 Kf6
40. Bd4+ Kf7 41. Bc5 Kf6 42. Bd4+ Kf7 43. Bc5 b5 44. a4 Kf6 45. axb5 axb5 46.
Bd4+ Kf7 47. Bc5 Kf6 48. Bd4+ Kf7 49. Bc5 Kf6 1/2-1/2

[Event "NED-ch 2003 sf"]
[Site "Leeuwarden"]
[Date "2002.12.01"]
[Round "1.3"]
[White "Van der Werf, Mark"]
[Black "Van Mil, Johan"]
[Result "1/2-1/2"]
[WhiteElo "2423"]
[BlackElo "2406"]
[PlyCount "102"]
[EventDate "2002.??.??"]

1. d4 f5 2. g3 g6 3. Bg2 Bg7 4. Nf3 d6 5. O-O Nf6 6. c4 O-O 7. Nc3 c6 8. d5 Bd7
9. Rb1 a5 10. a3 Na6 11. dxc6 bxc6 12. b4 axb4 13. axb4 Rb8 14. b5 cxb5 15.
cxb5 Nc5 16. Nd4 Nfe4 17. Nxe4 Nxe4 18. Bb2 Qb6 19. Ba1 Kh8 20. Qd3 e5 21. Nc6
Bxc6 22. bxc6 Qxc6 23. Rbc1 Qd7 24. Bxe4 fxe4 25. Qxe4 d5 26. Qe3 Qf5 27. Rc7
d4 28. Qd3 Qxd3 29. exd3 Rb3 30. Rd1 Kg8 31. Kg2 Ra3 32. Rc2 Rb8 33. f4 exf4
34. gxf4 Rba8 35. Bb2 Ra2 36. Rdd2 Rf8 37. Rf2 Ra5 38. Rc7 Raf5 39. Ba3 Ra8 40.
Bd6 Rd8 41. Bc5 Bf8 42. Bxf8 Rdxf8 43. Kg3 g5 44. Kg4 Rxf4+ 45. Rxf4 gxf4 46.
Kf3 Re8 47. Kxf4 Re3 48. Rd7 Rxd3 49. Ke4 Rd2 50. Rxd4 Rxh2 51. Kf3 Kg7 1/2-1/2

[Event "NED-ch 2003 sf"]
[Site "Leeuwarden"]
[Date "2002.12.01"]
[Round "1.4"]
[White "Visser, Yge"]
[Black "Hommeles, Theo"]
[Result "1-0"]
[WhiteElo "2431"]
[BlackElo "2390"]
[PlyCount "35"]
[EventDate "2002.??.??"]

1. e4 e5 2. Nf3 Nc6 3. Bb5 f5 4. Nc3 fxe4 5. Nxe4 d5 6. Ng3 e4 7. Ne5 Qf6 8. d4
exd3 9. O-O Be7 10. Re1 Kf8 11. Nh5 Qd6 12. Bf4 g5 13. Bg3 Qb4 14. Qf3+ Ke8 15.
Qf7+ Kd8 16. Bxc6 Nh6 17. Qg7 Rf8 18. Qxh6 1-0

[Event "NED-ch 2003 sf"]
[Site "Leeuwarden"]
[Date "2002.12.01"]
[Round "1.4"]
[White "Van Mil, Johan"]
[Black "Van der Werf, Mark"]
[Result "1-0"]
[WhiteElo "2406"]
[BlackElo "2423"]
[PlyCount "93"]
[EventDate "2002.??.??"]

1. e4 Nf6 2. e5 Nd5 3. d4 d6 4. Nf3 dxe5 5. Nxe5 c6 6. g3 Nd7 7. Nf3 g6 8. Bg2
Bg7 9. O-O O-O 10. Re1 a5 11. c4 Nc7 12. Nc3 Nb6 13. Qb3 Na6 14. Be3 a4 15.
Nxa4 Nxa4 16. Qxa4 Bf5 17. Qb3 Qc8 18. Bg5 f6 19. Bd2 Re8 20. a4 Nc7 21. Bb4
Be6 22. a5 Qd7 23. Rad1 Bf7 24. Qc3 Rab8 25. b3 b6 26. axb6 Rxb6 27. Bc5 Rb7
28. Ra1 Ne6 29. Ba3 Reb8 30. b4 Nc7 31. Nd2 Ra7 32. Nb3 Bf8 33. Nc5 Qe8 34. Bb2
Rxa1 35. Rxa1 Ne6 36. Nb3 Nd8 37. Nc5 Ne6 38. Nxe6 Bxe6 39. Ra6 Bd7 40. c5 Rc8
41. d5 cxd5 42. Bxd5+ Kh8 43. Rxf6 Bg7 44. Re6 Bxc3 45. Bxc3+ Kg8 46. Rxg6+ Kf8
47. Bg7# 1-0

[Event "NED-ch 2003 sf"]
[Site "Leeuwarden"]
[Date "2002.11.30"]
[Round "1.1"]
[White "Van Dijk, Timon"]
[Black "De Vreugt, Dennis"]
[Result "0-1"]
[WhiteElo "2219"]
[BlackElo "2501"]
[PlyCount "84"]
[EventDate "2002.??.??"]

1. e4 c5 2. Nf3 Nc6 3. d4 cxd4 4. Nxd4 Nf6 5. Nc3 e5 6. Ndb5 d6 7. Bg5 a6 8.
Na3 b5 9. Bxf6 gxf6 10. Nd5 f5 11. Bd3 Be6 12. O-O Bxd5 13. exd5 Ne7 14. c3 Bg7
15. Qh5 e4 16. Bc2 O-O 17. Rad1 Qc8 18. Bb3 a5 19. Nxb5 a4 20. Bc2 Qc5 21. Nd4
Qxd5 22. Qg5 Qe5 23. f3 h6 24. Qd2 d5 25. Bb1 a3 26. b3 Rac8 27. Kh1 Rc5 28.
Rc1 Rfc8 29. fxe4 fxe4 30. Qf2 f5 31. Ne2 Qd6 32. Rcd1 Bxc3 33. Nxc3 Rxc3 34.
Bxe4 fxe4 35. Qf7+ Kh8 36. Rf6 Rc1 37. Rg1 Rxg1+ 38. Kxg1 Qc5+ 39. Kf1 Qc1+ 40.
Kf2 Rc2+ 41. Kg3 Qg5+ 42. Kh3 Qxg2+ 0-1

[Event "NED-ch 2003 sf"]
[Site "Leeuwarden"]
[Date "2002.12.01"]
[Round "1.2"]
[White "De Vreugt, Dennis"]
[Black "Van Dijk, Timon"]
[Result "1/2-1/2"]
[WhiteElo "2501"]
[BlackElo "2219"]
[PlyCount "81"]
[EventDate "2002.??.??"]

1. e4 c5 2. Nf3 e6 3. d4 cxd4 4. Nxd4 a6 5. Bd3 Qc7 6. O-O Nf6 7. Qe2 d6 8. c4
g6 9. Nc3 Bg7 10. Rd1 O-O 11. Nf3 Nc6 12. Bf4 e5 13. Be3 Bg4 14. h3 Bxf3 15.
Qxf3 Nd7 16. Nd5 Qd8 17. Qg3 Nc5 18. Bg5 f6 19. Be3 Ne6 20. Rd2 Rf7 21. Rad1
Ncd4 22. f4 f5 23. exf5 gxf5 24. Kh1 Kh8 25. Rf2 b5 26. b3 Rb8 27. fxe5 dxe5
28. Rdf1 bxc4 29. bxc4 f4 30. Qg4 Qg8 31. Bxd4 Nxd4 32. g3 f3 33. Be4 Rc8 34.
Nb6 Rb8 35. c5 Rc7 36. Nd5 Rxc5 37. Ne7 Qe6 38. Qxe6 Nxe6 39. Bxf3 Nd4 40. Be4
Rc3 41. Kg2 1/2-1/2

[Event "NED-ch 2003 sf"]
[Site "Leeuwarden"]
[Date "2002.12.01"]
[Round "2.1"]
[White "Smeets, Jan"]
[Black "Van Mil, Johan"]
[Result "1-0"]
[WhiteElo "2461"]
[BlackElo "2406"]
[PlyCount "63"]
[EventDate "2002.??.??"]

1. e4 c5 2. Nf3 e6 3. d4 cxd4 4. Nxd4 Nc6 5. Nc3 a6 6. Nxc6 bxc6 7. Bd3 Qc7 8.
O-O Nf6 9. f4 d5 10. Kh1 c5 11. exd5 exd5 12. Nxd5 Nxd5 13. Be4 Nb6 14. Bxa8
Nxa8 15. Re1+ Be7 16. Qe2 Nb6 17. Bd2 Nd5 18. Rad1 g6 19. c4 Nb4 20. Bc3 Rg8
21. Be5 Qb7 22. Bd6 Be6 23. Qf2 Qb6 24. Bxe7 Kxe7 25. Qh4+ Ke8 26. Rxe6+ fxe6
27. Qxh7 Nc6 28. Qxg8+ Ke7 29. Qg7+ Ke8 30. Qxg6+ Ke7 31. Qg7+ Ke8 32. Rd7 1-0

[Event "NED-ch 2003 sf"]
[Site "Leeuwarden"]
[Date "2002.12.01"]
[Round "2.1"]
[White "Dambacher, Martijn"]
[Black "Berkvens, Joost"]
[Result "1/2-1/2"]
[WhiteElo "2362"]
[BlackElo "2453"]
[PlyCount "83"]
[EventDate "2002.??.??"]

1. e4 c5 2. Nf3 Nc6 3. d4 cxd4 4. Nxd4 Nf6 5. Nc3 d6 6. Bg5 e6 7. Qd2 a6 8.
O-O-O Bd7 9. f4 h6 10. Bxf6 Qxf6 11. Nf3 Qd8 12. f5 Be7 13. fxe6 fxe6 14. Kb1
Qa5 15. Bc4 O-O-O 16. a3 Kb8 17. Ne2 Qxd2 18. Rxd2 Rdf8 19. Ned4 Nd8 20. Rf1 g5
21. Rdf2 b5 22. Bb3 h5 23. Ne1 Kc7 24. Nd3 Rxf2 25. Rxf2 Rh6 26. e5 Bc8 27. Re2
d5 28. c3 Rh7 29. Rf2 Bd7 30. Bc2 Rg7 31. g4 hxg4 32. Bd1 Be8 33. Bxg4 Bg6 34.
Kc2 Rf7 35. Rxf7 Nxf7 36. Bxe6 Bxd3+ 37. Kxd3 Nxe5+ 38. Ke2 Nc4 39. b4 Nxa3 40.
Bxd5 Kb6 41. Kd3 Bd6 42. h3 1/2-1/2

[Event "NED-ch 2003 sf"]
[Site "Leeuwarden"]
[Date "2002.12.01"]
[Round "2.1"]
[White "Nijboer, Friso"]
[Black "Bosch, Jeroen"]
[Result "1/2-1/2"]
[WhiteElo "2556"]
[BlackElo "2444"]
[PlyCount "71"]
[EventDate "2002.??.??"]

1. e4 c5 2. Nf3 a6 3. Nc3 e6 4. d4 cxd4 5. Nxd4 Qc7 6. Be2 b5 7. O-O Bb7 8. Re1
Nc6 9. Nxc6 dxc6 10. e5 Rd8 11. Bd3 c5 12. Qg4 Ne7 13. Bg5 Rd4 14. Qg3 Ng6 15.
Rad1 Be7 16. Ne2 Rd7 17. Bxg6 hxg6 18. Bxe7 Rxd1 19. Rxd1 Qxe7 20. Rd6 O-O 21.
Nf4 Rd8 22. Qd3 Rxd6 23. Qxd6 Qg5 24. g3 Bd5 25. Qxa6 Qxe5 26. Qxb5 Qe1+ 27.
Qf1 Qd2 28. Nxd5 exd5 29. Qd3 Qc1+ 30. Kg2 Qxb2 31. a4 c4 32. Qxd5 Qxc2 33. a5
c3 34. Qd8+ Kh7 35. Qh4+ Kg8 36. Qd8+ 1/2-1/2

[Event "NED-ch 2003 sf"]
[Site "Leeuwarden"]
[Date "2002.12.01"]
[Round "2.1"]
[White "Visser, Yge"]
[Black "Van der Wiel, John"]
[Result "1/2-1/2"]
[WhiteElo "2431"]
[BlackElo "2509"]
[PlyCount "80"]
[EventDate "2002.??.??"]

1. e4 c5 2. d3 Nc6 3. g3 g6 4. Bg2 Bg7 5. f4 e6 6. Nf3 Nge7 7. O-O b6 8. c3 Ba6
9. Re1 O-O 10. Na3 Rc8 11. Be3 d5 12. e5 d4 13. cxd4 cxd4 14. Bf2 Nb4 15. Qa4
Ned5 16. Nxd4 Qe8 17. Ndb5 Bxb5 18. Qxb5 Qxb5 19. Nxb5 Nxd3 20. Bxd5 exd5 21.
Re2 Nxf2 22. Kxf2 Rc5 23. Nd6 Rc6 24. Nb5 Rc5 25. Nd4 Re8 26. Rd1 a5 27. Nb3
Rb5 28. Nd4 Rc5 29. Nb3 Rb5 30. Red2 f6 31. Nd4 Rb4 32. exf6 Bxf6 33. b3 a4 34.
Nc6 Rbe4 35. Rc2 axb3 36. axb3 Re3 37. Rxd5 Rxb3 38. Ne5 Bxe5 39. fxe5 Re7 40.
Re2 Rc3 1/2-1/2

[Event "NED-ch 2003 sf"]
[Site "Leeuwarden"]
[Date "2002.12.01"]
[Round "2.1"]
[White "Van Blitterswijk, Stefan"]
[Black "Janssen, Ruud"]
[Result "0-1"]
[WhiteElo "2415"]
[BlackElo "2473"]
[PlyCount "80"]
[EventDate "2002.??.??"]

1. e4 c5 2. Nf3 Nc6 3. d4 cxd4 4. Nxd4 Nf6 5. Nc3 e5 6. Ndb5 d6 7. Bg5 a6 8.
Na3 b5 9. Bxf6 gxf6 10. Nd5 f5 11. Bd3 Be6 12. O-O Bxd5 13. exd5 Ne7 14. Re1
Bg7 15. Rb1 O-O 16. c4 b4 17. Nc2 Rb8 18. Bf1 f4 19. a3 b3 20. Nb4 Qb6 21. Rc1
Rfd8 22. Qh5 a5 23. Nc6 Nxc6 24. dxc6 Qxc6 25. Bd3 h6 26. Be4 Qd7 27. Red1 Qe7
28. Rd5 a4 29. h4 Rbc8 30. Ra5 Rc5 31. Rxa4 d5 32. Bf5 e4 33. Re1 dxc4 34. g4
fxg3 35. fxg3 Qe5 36. Rf1 Qxg3+ 37. Kh1 Qd3 38. Rg1 Qf3+ 39. Qxf3 exf3 40. Bg4
f2 0-1

[Event "NED-ch 2003 sf"]
[Site "Leeuwarden"]
[Date "2002.12.01"]
[Round "2.1"]
[White "Bosboom, Manuel"]
[Black "Kroeze, Frank"]
[Result "0-1"]
[WhiteElo "2454"]
[BlackElo "2375"]
[PlyCount "92"]
[EventDate "2002.??.??"]

1. e4 c6 2. d3 d5 3. Nd2 e5 4. Ngf3 Bd6 5. g3 Nf6 6. Bg2 O-O 7. O-O Re8 8. Re1
Bg4 9. h3 Bh5 10. a3 a5 11. b3 Nbd7 12. Bb2 Qc7 13. c3 Rad8 14. Qc2 Bf8 15. b4
dxe4 16. dxe4 c5 17. bxa5 c4 18. a4 Nc5 19. Ba3 Nd3 20. Re3 Bxa3 21. Rxa3 Qxa5
22. Nxc4 Qc5 23. Nfd2 Nf4 24. gxf4 exf4 25. Rd3 Be2 26. Rxd8 Rxd8 27. e5 Bd3
28. Qc1 Nh5 29. Nd6 Ng3 30. Bf3 Qxe5 31. Nxb7 Rd5 32. Kh2 Ne2 33. Qe1 Rd7 34.
c4 g5 35. c5 g4 36. hxg4 h5 37. Nd6 hxg4 38. Bxe2 Bxe2 39. N2c4 Qh5+ 40. Kg1
Re7 41. Qa5 Bf3 42. Rxf3 gxf3 43. Qd8+ Kh7 44. Qxe7 Qg6+ 45. Kf1 Qb1+ 46. Qe1
Qd3+ 0-1

[Event "NED-ch 2003 sf"]
[Site "Leeuwarden"]
[Date "2002.12.08"]
[Round "2.2"]
[White "Berkvens, Joost"]
[Black "Dambacher, Martijn"]
[Result "0-1"]
[WhiteElo "2453"]
[BlackElo "2362"]
[PlyCount "64"]
[EventDate "2002.??.??"]

1. e4 c5 2. Nf3 e6 3. d4 cxd4 4. Nxd4 Nf6 5. Nc3 d6 6. Be3 Nc6 7. Qd2 Ng4 8.
Bg5 Qb6 9. Nb3 a6 10. h3 Nf6 11. O-O-O Be7 12. f4 O-O 13. Be2 Rd8 14. Bf3 h6
15. h4 a5 16. Kb1 a4 17. Nc1 Qa5 18. g4 b5 19. e5 b4 20. exf6 bxc3 21. bxc3
gxf6 22. Bxh6 d5 23. Ka1 Rb8 24. Nd3 Ba6 25. Rb1 Nd4 26. Bg2 Bxd3 27. Qxd3 Nb5
28. Rh3 Na3 29. Rb2 Rxb2 30. Kxb2 Nc4+ 31. Ka1 Qb6 32. Rh1 Qb2# 0-1

[Event "NED-ch 2003 sf"]
[Site "Leeuwarden"]
[Date "2002.12.08"]
[Round "2.2"]
[White "Bosch, Jeroen"]
[Black "Nijboer, Friso"]
[Result "1/2-1/2"]
[WhiteElo "2444"]
[BlackElo "2556"]
[PlyCount "62"]
[EventDate "2002.??.??"]

1. d4 Nf6 2. c4 g6 3. Nc3 d5 4. cxd5 Nxd5 5. Bd2 Bg7 6. e4 Nb6 7. Be3 O-O 8.
Bb5 Be6 9. Nge2 Nc4 10. Bc1 c6 11. Ba4 c5 12. d5 Bd7 13. Bb3 Na5 14. Bc2 b5 15.
a3 Na6 16. O-O Rb8 17. Bf4 Rb7 18. Bd3 c4 19. Bc2 Nc5 20. Rb1 Nab3 21. e5 e6
22. d6 f6 23. Ne4 Nxe4 24. Bxe4 Rb8 25. exf6 Qxf6 26. Be3 a5 27. Ba7 Rbe8 28.
Bc2 a4 29. Bxb3 axb3 30. Bd4 e5 31. Bc3 Bf5 1/2-1/2

[Event "NED-ch 2003 sf"]
[Site "Leeuwarden"]
[Date "2002.12.08"]
[Round "2.2"]
[White "Van der Wiel, John"]
[Black "Visser, Yge"]
[Result "1-0"]
[WhiteElo "2509"]
[BlackElo "2431"]
[PlyCount "83"]
[EventDate "2002.??.??"]

1. e4 e6 2. d4 d5 3. Nd2 Nf6 4. e5 Nfd7 5. f4 c5 6. c3 Nc6 7. Ndf3 Qb6 8. a3
Be7 9. b4 cxd4 10. cxd4 O-O 11. Bd3 f6 12. Bb2 Rf7 13. Ne2 Nf8 14. O-O Bd7 15.
Kh1 Rc8 16. Qd2 f5 17. Rg1 a6 18. g4 Na7 19. Nc3 Kh8 20. Rg3 fxg4 21. Rxg4 a5
22. bxa5 Qxa5 23. Rag1 g6 24. h4 Rf5 25. Bxf5 exf5 26. R4g3 Nb5 27. Nxb5 Qxd2
28. Nxd2 Bxb5 29. Rb3 Ba6 30. Nf3 Ne6 31. Rc1 Rc4 32. Rbc3 Nxf4 33. Nd2 Nd3 34.
Nxc4 dxc4 35. Rxd3 cxd3 36. d5 b6 37. d6 d2 38. Rd1 Bxh4 39. Rxd2 Kg8 40. e6
Bb5 41. Rc2 Ba6 42. d7 1-0

[Event "NED-ch 2003 sf"]
[Site "Leeuwarden"]
[Date "2002.12.08"]
[Round "2.2"]
[White "Janssen, Ruud"]
[Black "Van Blitterswijk, Stefan"]
[Result "1-0"]
[WhiteElo "2473"]
[BlackElo "2415"]
[PlyCount "61"]
[EventDate "2002.??.??"]

1. Nf3 Nf6 2. c4 c5 3. Nc3 Nc6 4. d4 cxd4 5. Nxd4 g6 6. e4 Bg7 7. Be3 O-O 8.
Be2 b6 9. O-O Bb7 10. f3 Nh5 11. Qd2 Nf4 12. Rad1 Nxe2+ 13. Ndxe2 Ne5 14. b3 f5
15. exf5 gxf5 16. Bg5 d6 17. Nd5 Rf7 18. Nd4 Ng6 19. Ne6 Qd7 20. Nxg7 Kxg7 21.
Rfe1 Re8 22. h4 Kg8 23. h5 Ne5 24. Qf2 Bxd5 25. cxd5 Qb5 26. Bf4 Nd7 27. Bxd6
Nf6 28. Ba3 Nxd5 29. Qg3+ Rg7 30. Qe5 Rd8 31. Bb2 1-0

[Event "NED-ch 2003 sf"]
[Site "Leeuwarden"]
[Date "2002.12.08"]
[Round "2.2"]
[White "Kroeze, Frank"]
[Black "Bosboom, Manuel"]
[Result "1/2-1/2"]
[WhiteElo "2375"]
[BlackElo "2454"]
[PlyCount "57"]
[EventDate "2002.??.??"]

1. d4 g6 2. e4 Bg7 3. Nf3 d6 4. Bd3 Nf6 5. O-O O-O 6. h3 Nbd7 7. e5 Nd5 8. Re1
Nb4 9. exd6 cxd6 10. Bc4 Nb6 11. Bb3 h6 12. Qe2 e6 13. Bf4 N6d5 14. Bh2 Ne7 15.
c3 Nbc6 16. Na3 a6 17. Nc4 d5 18. Nce5 Na5 19. Bc2 Bd7 20. Nxd7 Qxd7 21. Ne5
Qd8 22. h4 h5 23. Bf4 Nac6 24. Bg5 Nxe5 25. dxe5 Qc7 26. Bf6 Nc6 27. Qe3 d4 28.
cxd4 Nxd4 29. Bxg6 1/2-1/2

[Event "NED-ch 2003 sf"]
[Site "Leeuwarden"]
[Date "2002.12.08"]
[Round "2.3"]
[White "Nijboer, Friso"]
[Black "Bosch, Jeroen"]
[Result "1-0"]
[WhiteElo "2556"]
[BlackElo "2444"]
[PlyCount "61"]
[EventDate "2002.??.??"]

1. e4 c5 2. Nf3 a6 3. Nc3 e6 4. d4 cxd4 5. Nxd4 Qc7 6. Bd3 Nf6 7. O-O Bc5 8.
Nb3 Be7 9. Qe2 d6 10. Bf4 Nbd7 11. Bg3 b5 12. a4 b4 13. Na2 a5 14. c3 bxc3 15.
Nxc3 O-O 16. Nb5 Qb6 17. Rac1 Ne5 18. Bb1 Ba6 19. Kh1 Nc6 20. Rfd1 Na7 21. N3d4
Rac8 22. e5 dxe5 23. Bxe5 Rfd8 24. Rxc8 Rxc8 25. Ba2 Nxb5 26. axb5 Bb7 27. Nxe6
fxe6 28. Bxf6 Bd5 29. Bxd5 exd5 30. Bxe7 Re8 31. Bc5 1-0

[Event "NED-ch 2003 sf"]
[Site "Leeuwarden"]
[Date "2002.12.08"]
[Round "2.4"]
[White "Bosch, Jeroen"]
[Black "Nijboer, Friso"]
[Result "1/2-1/2"]
[WhiteElo "2444"]
[BlackElo "2556"]
[PlyCount "106"]
[EventDate "2002.??.??"]

1. d4 Nf6 2. c4 g6 3. Nc3 d5 4. cxd5 Nxd5 5. Bd2 Bg7 6. e4 Nb6 7. Be3 O-O 8.
Bb5 Be6 9. Nge2 Nc4 10. Bc1 c6 11. Ba4 Qa5 12. Bb3 Rd8 13. O-O b5 14. d5 cxd5
15. exd5 Bg4 16. h3 Bd7 17. Bg5 Nxb2 18. Qd2 Nc4 19. Bxc4 bxc4 20. d6 Be6 21.
Bxe7 Re8 22. Nd4 Bxd4 23. Qxd4 Nc6 24. Qe3 Nxe7 25. dxe7 Rxe7 26. Ne4 Qe5 27.
f4 Qg7 28. Qc5 Ree8 29. Kh2 Rac8 30. Qg5 Red8 31. Rac1 f5 32. Nc3 h6 33. Qh4
Rd3 34. Qe1 Bf7 35. Rf2 Re8 36. Re2 Rxe2 37. Nxe2 Qb2 38. Rb1 Qd2 39. Rb8+ Kg7
40. Qb1 Qxe2 41. Qb4 Rxh3+ 42. Kxh3 Qg4+ 43. Kh2 Qxf4+ 44. Kg1 Qe3+ 45. Kf1
Qc1+ 46. Ke2 Qc2+ 47. Ke3 Qc1+ 48. Kd4 Qf4+ 49. Kc3 Qc1+ 50. Kd4 Qf4+ 51. Kc5
Qc7+ 52. Kd4 Qf4+ 53. Kc3 Qc1+ 1/2-1/2

[Event "NED-ch 2003 sf"]
[Site "Leeuwarden"]
[Date "2002.12.17"]
[Round "2.2"]
[White "Van Mil, Johan"]
[Black "Smeets, Jan"]
[Result "1/2-1/2"]
[WhiteElo "2406"]
[BlackElo "2461"]
[PlyCount "43"]
[EventDate "2002.??.??"]

1. d4 d5 2. Nc3 Bf5 3. f3 Bg6 4. e4 dxe4 5. fxe4 e5 6. dxe5 Qxd1+ 7. Kxd1 Nc6
8. Nf3 f6 9. Bf4 O-O-O+ 10. Kc1 fxe5 11. Nxe5 Nxe5 12. Bxe5 Nf6 13. Bd3 Ng4 14.
Bg3 Bc5 15. Re1 Rhe8 16. a3 Be3+ 17. Kb1 Bd2 18. Re2 Bxc3 19. bxc3 Nf6 20. Kb2
Nxe4 21. Bh4 Nc5 22. Rxe8 1/2-1/2

[Event "NED-ch 2003 sf"]
[Site "Leeuwarden"]
[Date "2003.01.28"]
[Round "2.1"]
[White "De Vreugt, Dennis"]
[Black "Delemarre, Jop"]
[Result "0-1"]
[WhiteElo "2501"]
[BlackElo "2418"]
[PlyCount "80"]
[EventDate "2002.??.??"]

1. e4 c6 2. d4 d5 3. e5 Bf5 4. Nc3 e6 5. h4 h5 6. Bd3 Bxd3 7. cxd3 Qb6 8. Nf3
Ne7 9. O-O Nf5 10. Na4 Qb5 11. Rb1 Nd7 12. Bg5 a5 13. a3 Qa6 14. Rc1 Qa7 15.
Be3 Be7 16. g3 f6 17. exf6 gxf6 18. Qe2 Kf7 19. Nc5 Bxc5 20. dxc5 e5 21. Kh1
Qa6 22. Rfe1 Rag8 23. Kh2 Rg4 24. d4 Qxe2 25. Rxe2 exd4 26. Bf4 Rgg8 27. b4
axb4 28. axb4 Ra8 29. Rd1 Ra4 30. Bd6 Rxb4 31. Nxd4 Nxd4 32. Re7+ Kg6 33. Rxd7
Re8 34. Rxb7 Nf3+ 35. Kg2 Nxh4+ 36. gxh4 Rxb7 37. Ra1 Kf5 38. Ra6 Rc8 39. Ra4
Rg7+ 40. Kf3 Rg4 0-1

[Event "NED-ch 2003 sf"]
[Site "Leeuwarden"]
[Date "2003.01.29"]
[Round "2.2"]
[White "Delemarre, Jop"]
[Black "De Vreugt, Dennis"]
[Result "1-0"]
[WhiteElo "2418"]
[BlackElo "2501"]
[PlyCount "105"]
[EventDate "2002.??.??"]

1. d4 Nf6 2. c4 e6 3. Nf3 c5 4. d5 d6 5. Nc3 exd5 6. cxd5 g6 7. Nd2 Bg7 8. Nc4
O-O 9. g3 Ng4 10. Bg2 Ne5 11. Nxe5 Bxe5 12. Bh6 Re8 13. Qd2 Nd7 14. O-O f5 15.
e4 Nf6 16. exf5 Bxf5 17. h3 b5 18. Nxb5 Qd7 19. f4 Ne4 20. Bxe4 Bxe4 21. fxe5
Qxh3 22. Qh2 Qxh2+ 23. Kxh2 Rxe5 24. g4 Bd3 25. Nc7 Bxf1 26. Nxa8 Bd3 27. Nc7
g5 28. Rd1 c4 29. Rd2 Kf7 30. Rf2+ Kg6 31. Bf8 Re4 32. Bxd6 Rxg4 33. Bc5 Bf5
34. d6 Rh4+ 35. Kg3 Rh3+ 36. Kg2 Rd3 37. Bb4 a5 38. Bxa5 Rxd6 39. Rd2 Be4+ 40.
Kg3 Rc6 41. Rd4 Bb1 42. Nd5 Re6 43. Nc3 Bd3 44. Bb4 Re3+ 45. Kf2 Rh3 46. Kg2
Re3 47. a4 h5 48. a5 h4 49. a6 h3+ 50. Kh2 Bf1 51. a7 Bg2 52. Ne4 Re2 53. Rd2
1-0

[Event "NED-ch 2003 sf"]
[Site "Leeuwarden"]
[Date "2003.03.04"]
[Round "2.1"]
[White "Van der Weide, Karel"]
[Black "Jonkman, Harmen"]
[Result "1-0"]
[WhiteElo "2400"]
[BlackElo "2456"]
[PlyCount "77"]
[EventDate "2002.??.??"]

1. e4 e5 2. Nc3 Nf6 3. f4 d5 4. fxe5 Nxe4 5. Nf3 Be7 6. Qe2 Nxc3 7. dxc3 c5 8.
Bf4 Nc6 9. O-O-O Qa5 10. Kb1 h6 11. h4 Be6 12. g3 O-O-O 13. Bh3 Qa4 14. h5 Qc4
15. Qg2 Rhe8 16. Rd3 Kc7 17. Rhd1 a5 18. Ka1 a4 19. Nd2 Qb5 20. Nb1 c4 21. R3d2
Bc5 22. Rxd5 Rxd5 23. Rxd5 Bxd5 24. Qxd5 Kb6 25. Nd2 Rd8 26. Qxf7 a3 27. b3 Ka7
28. Bg2 Bb4 29. cxb4 Qxb4 30. Nb1 Rd1 31. Be3+ Ka6 32. Qxc4+ Qxc4 33. bxc4 Nxe5
34. Bd5 b5 35. cxb5+ Kxb5 36. Bb3 Nc4 37. Bf4 Rh1 38. Bxc4+ Kxc4 39. Be3 1-0